000 00214nam a22000857a 4500
008 170203b xxu||||| |||| 00| 0 eng d
100 _92749
_aCBSE
245 _aTogether Towards a Safer-X
260 _aNew Delhi
_bCBSE
_c2006
999 _c5933
_d5933